| 000 | 00396nam a2200157Ia 4500 | ||
|---|---|---|---|
| 008 | 221030s9999 xx 000 0 und d | ||
| 020 | _a0071002472 | ||
| 041 | _aEnglish | ||
| 082 |
_a105.23 _bPas |
||
| 100 | _aE. J. Pasahow | ||
| 245 | 0 |
_aMicroprocessor Technology & Microcomputers _cby E. J. Pasahow |
|
| 260 |
_bTMH _aNew Delhi _c1988 |
||
| 300 | _a401 | ||
| 650 | _aBE Computer | ||
| 942 | _cBK | ||
| 999 |
_c8446 _d8446 |
||